000 00696nam a22002297a 4500
005 20170124110106.0
010 _aA-597155
020 _c00.00
_a8122201024
035 _aA-597155
037 _bCen Lib/Ret
040 _aDPL
_bEN
082 _a921
_bMUR
100 _aMurty, K. Satchidananda
_928141
245 _aS. Radhakrishan :
_cby K. Satchidananda Murty [and] Ashok Vohar
_bhis life and ideas /
260 _aDelhi
_bOrient Paperbacks
_c1991
270 _bDelhi
_aMadarsa Road, Kashmere Gate
_e110006
300 _a221p.
_c18cm(Hb)
650 _aPresidents
_916189
650 _aPhilosophers
_920153
700 _aVohar, Ashok
_928142
942 _2ddc
_cEN
_h921
_mMUR
999 _c130048
_d130048